| 000 | 00972nam a2200313 c 4500 | ||
|---|---|---|---|
| 001 | 193636 | ||
| 003 | SpMaBN | ||
| 005 | 20240202063027.0 | ||
| 007 | ta | ||
| 008 | 230504s2020 sp | |||| 000 j spa | ||
| 020 | _a9788468544298 | ||
| 020 |
_z978-84-685-4430-4 _qpdf |
||
| 040 |
_aSpMaBN _bspa _cSpMaBN _erda |
||
| 080 | _a821.134.2-32"19(082.2) | ||
| 245 | 0 | 0 |
_aEscritos del arco iris / _cJoaquín Arroyo ... [et al.] |
| 246 | _aEscritos del arcoiris | ||
| 264 | 1 |
_a[Madrid] _bBubok Publishing, _c[2020] |
|
| 300 |
_a179 páginas ; _c21 cm |
||
| 336 |
_aTexto _2rdacontent |
||
| 337 |
_asin mediación _2rdamedia |
||
| 338 |
_avolumen _2rdacarrier |
||
| 500 | _aÍndice | ||
| 655 | 7 |
_aCuentos _9226829 |
|
| 700 | 1 |
_aArroyo, Joaquín _4aut _9234989 _eaut |
|
| 852 |
_aES-MaACL _bR. 152912 _cDEPOJ _hDonación: Editorial _9201140 |
||
| 942 |
_n0 _cMONOGRAFIA |
||
| 999 |
_c193636 _d193636 |
||